04002cam a22003374i 4500003000900000005001700009008004100026035001900067040003300086082002100119100003200140245005100172264004800223300005500271336002100326337002500347338002300372504003300395505314000428526001003568526001003578526001003588526001003598526000803608526000803616526000803624526000803632526000803640526000803648526000803656PE-LiUPU20250731173246.0150625s1987 sp a r 001 0 spa d a(Sirsi) a35456 aPE-LiUPUbspacPE-LiUPUerda04a264.165bB132211 aBagot, Jean Pierre,eautor.10aPara vivir el matrimonio /cJean Pierre Bagot. aEspaña :beditorial verbo divino ,c1987. a102 páginas :bilustraciones ;c22 centímetros atext2rdacontent aunmediated2rdamedia avolume2rdacarrier aÍndice : páginas 99-102. aEl matrimonio en proceso -- El malestar cristiano, ante la crisis -- Punto de vista de los jóvenes -- Punto de vista de los padres -- Cuestiones que se le plantean a la iglesia -- Algunos principios en retirada -- Fidelidad e indisolubilidad de la pareja -- Fecundidad -- Castidad -- Compromiso oficial -- Un cambio de valores de la sociedad -- Un cambio de valores de la sociedad -- Un cambio económico -- La liberación sexual -- Un cambio político -- Un cambio religioso -- Redescubrir un lenguaje -- El matrimonio en el antiguo testamento -- Una historia hecha de contrastes -- Serán una sola carne -- En el corazón de la vida de la pareja: ¿el miedo o la fe? -- Cuando el hombre no quiere vincularse a la mujer -- Cuando el hombre no considera a la mujer más que en función de su miedo a desaparecer -- Dios revela una nueva dimenesión del amor -- Dios y la esposa infiel -- Jeremías denuncia la apostasía de Israel, la prometida de Dios -- Historia simbólica de Jerusalén -- El matrimonio en el nuevo testamento -- Jesús y el matrimonio -- Una nueva perspectiva sobre la familia -- La verdadera familia de Jesús -- El amor verdadero en la perspectiva de Jesús -- El problema del matrimonio "mixto" -- Llamados a vivir en paz -- El matrimonio en la perspectiva de Pablo -- Matrimonio y virginidad -- Cómo concibe Pablo el matrimonio y la virginidad al comienzo de su ministerio -- A traves de la historia la iglesia toma conciencia de las dimensiones del matrimonio -- En la iglesia primitiva, la llamada a vivir santamente el matrimonio -- El matrimonio en Palestina en el siglo I -- ¿Perfección o misericordia con los pecadores? -- El matrimonio en la perspectiva de san Agustín -- La autoridad eclesiástica se hace cargo del compromiso matrimonial -- Matrimonios clandestinos y matrimonios secretos -- Un sacramento por entero en el mundo feudal -- El matrimonio definido como sacramento -- ¿Qué es un sacramento? -- En el origen de las dificultades actuales -- Un matrimonio de naturaleza social -- Se amaban porque estaban casados -- La iglesia y el matrimonio civil -- El matrimonio y derecho canonico -- El matrimonio -- La atención pastoral y los preliminares a la celebración del matrimonio -- El consentimiento matrimonial -- El sacramento del matrimonio, hoy -- Una nueva forma de vivir el amor -- Amor humano, amor cristiano: eros y agapé -- La celebración ritual del matrimonio -- El hijo, ¿Fruto de que amor? -- Una nueva forma de plantear el problema de la generación -- Un cambio en la sociedad: del hijo fruto del azar al hijo querido -- Un cambio en la visión de la iglesia: la realidiad biológica, expresión de la espiritualidad del amor -- La generación en la perspectiva bíblica -- La meditación del pueblo de Dios sobre el sacrificio de Issac -- El sentido de la prueba -- La necesidad de una salvación -- La generación humana bajo el signo de la gratuidad -- ¿Como hablar hoy del matrimonio cristiano? -- Replantear el problema del matrimonio a partir de la fe -- Expresar el sentido de la ley moral -- Adptar una actitud pedagógica. aSEG42 aSEG41 aSEG40 aSEG39 aP94 aP87 aP86 aP85 aP77 aP76 aP35